[Event "Danzhou Hainan op 1st"]
[Site "Danzhou"]
[Date "2016.12.15"]
[Round "8"]
[White "Zhu, Jiner"]
[Black "Ji, Dan"]
[Result "0-1"]
[WhiteElo "2165"]
[BlackElo "2398"]
[PlyCount "70"]
[EventDate "2016.12.07"]
[EventType "swiss"]
[EventRounds "9"]
[EventCountry "CHN"]
[SourceTitle "CBM 176 Extra"]
[Source "ChessBase"]
[SourceDate "2017.03.02"]
[SourceVersion "1"]
[SourceVersionDate "2017.03.02"]
[SourceQuality "1"]

1. e4 c5 2. Nf3 d6 3. d4 cxd4 4. Nxd4 Nf6 5. Nc3 a6 6. Be3 e6 7. f3 Nbd7 8. Qd2 b5 9. 0-0-0 Ne5 10. Bd3 Nfd7 11. Qf2 Bb7 12. Kb1 Rc8 13. Nce2 Be7 14. h4 0-0 15. Qg3 Re8 16. f4 Nxd3 17. cxd3 Bf8 18. h5 Kh8 19. Nf3 e5 20. f5 h6 21. Qh3 d5 22. exd5 Bxd5 23. Nc3 Rxc3 24. bxc3 Qa5 25. Rd2 e4 26. Ne1 Qxc3 27. Rc2 Qb4+ 28. Rb2 Qa4 29. d4 Bb4 30. Bc1 e3 31. Nd3 Bc3 32. Rc2 Qxd4 33. Bb2 Qxd3 34. Bxc3 Be4 35. Rhc1 Qxc3 0-1

[Event "Danzhou Hainan op 1st"]
[Site "Danzhou"]
[Date "2016.12.09"]
[Round "3"]
[White "Ji, Dan"]
[Black "Ooi, Zhi Yang"]
[Result "1-0"]
[WhiteElo "2398"]
[BlackElo "2211"]
[PlyCount "37"]
[EventDate "2016.12.07"]
[EventType "swiss"]
[EventRounds "9"]
[EventCountry "CHN"]
[SourceTitle "CBM 176 Extra"]
[Source "ChessBase"]
[SourceDate "2017.03.02"]
[SourceVersion "1"]
[SourceVersionDate "2017.03.02"]
[SourceQuality "1"]

1. Nf3 Nf6 2. g3 g6 3. Bg2 Bg7 4. d4 0-0 5. c4 b6 6. 0-0 Bb7 7. d5 b5 8. Qb3 a6 9. a4 c6 10. dxc6 dxc6 11. axb5 cxb5 12. cxb5 Nbd7 13. bxa6 Bd5 14. Qb4 Qc7 15. Nc3 e6 16. Bf4 Qc8 17. a7 Rd8 18. Rfc1 Bf8 19. Nxd5 1-0

[Event "CHN Team"]
[Site "Zhongshan"]
[Date "2015.07.12"]
[Round "4"]
[White "Dai, Changren"]
[Black "Ji, Dan"]
[Result "0-1"]
[WhiteElo "2295"]
[BlackElo "2390"]
[PlyCount "74"]
[EventDate "2015.07.11"]
[EventType "team-swiss"]
[EventRounds "11"]
[EventCountry "CHN"]
[SourceTitle "CBM 167 Extra"]
[Source "ChessBase"]
[SourceDate "2015.09.14"]
[SourceVersion "1"]
[SourceVersionDate "2015.09.14"]
[SourceQuality "1"]
[WhiteTeam "Longgang District"]
[BlackTeam "Wuxi Tianyi"]
[WhiteTeamCountry "CHN"]
[BlackTeamCountry "CHN"]

1. e4 c5 2. Nc3 d6 3. Nge2 g6 4. d4 cxd4 5. Nxd4 Nf6 6. Be3 Bg7 7. f3 Nc6 8. Qd2 0-0 9. Bc4 Bd7 10. Bb3 Rc8 11. 0-0-0 Nxd4 12. Bxd4 b5 13. h4 a5 14. Bxf6 Bxf6 15. h5 a4 16. hxg6 e6 17. e5 Bg7 18. Rxh7 Bxe5 19. Rdh1 fxg6 20. Ne4 axb3 21. Qh6 Rxc2+ 22. Kd1 Rxg2 23. axb3 d5 24. Rh8+ Kf7 25. Ng5+ Rxg5 26. Rxf8+ Qxf8 27. Qxg5 Bg7 28. Rg1 Kg8 29. Qxg6 Qxf3+ 30. Kd2 Qf4+ 31. Ke2 Qe5+ 32. Kd1 Qd4+ 33. Ke1 Qe3+ 34. Kf1 Qc1+ 35. Kg2 Qxb2+ 36. Kh1 Qe5 37. Rf1 Qe4+ 0-1

[Event "CHN-chT"]
[Site "China"]
[Date "2013.12.23"]
[Round "21.1"]
[White "Ji, Dan"]
[Black "Li, Shilong"]
[Result "0-1"]
[WhiteElo "2374"]
[BlackElo "2558"]
[PlyCount "94"]
[EventDate "2013.04.30"]
[EventType "team-tourn"]
[EventRounds "22"]
[EventCountry "CHN"]
[SourceTitle "EXT 2015"]
[Source "ChessBase"]
[SourceDate "2014.11.20"]
[SourceVersion "1"]
[SourceVersionDate "2014.11.20"]
[SourceQuality "1"]
[WhiteTeam "Qinhuangdao"]
[BlackTeam "Guangdong"]
[WhiteTeamCountry "CHN"]
[BlackTeamCountry "CHN"]

1. d4 Nf6 2. Nf3 g6 3. c4 Bg7 4. Nc3 0-0 5. g3 d6 6. Bg2 Nbd7 7. 0-0 e5 8. e4 c6 9. h3 Re8 10. Be3 a5 11. Qc2 exd4 12. Nxd4 Nc5 13. b3 Bd7 14. Rfe1 Qc8 15. Kh2 Re5 16. Nf3 Rh5 17. Nh4 g5 18. Nf5 Bxf5 19. exf5 g4 20. h4 Qxf5 21. Qxf5 Rxf5 22. Rad1 Bf8 23. Ne2 Re8 24. Bf4 Nfe4 25. Nd4 Rf6 26. a3 Nxf2 27. Rxe8 Nxd1 28. Bg5 Rf2 29. Bh6 Ne6 30. Rb8 Rf6 31. Bxf8 Nxf8 32. Rxb7 Ne3 33. Bxc6 Rf2+ 34. Kg1 Rf1+ 35. Kh2 Ng6 36. h5 Rf2+ 37. Kg1 Rf1+ 38. Kh2 Ne5 39. h6 Kf8 40. Be4 Rf2+ 41. Kg1 Rf1+ 42. Kh2 Nf3+ 43. Bxf3 gxf3 44. g4 f2 45. Kg3 Nxg4 46. Nf5 Rg1+ 47. Kh4 Nf6 0-1

[Event "Asia Cities-ch 18th"]
[Site "Tagaytay City"]
[Date "2013.10.26"]
[Round "9.4"]
[White "Lee, Qing Aun"]
[Black "Ji, Dan"]
[Result "0-1"]
[WhiteElo "1772"]
[BlackElo "2374"]
[PlyCount "140"]
[EventDate "2013.10.20"]
[EventType "team-swiss"]
[EventRounds "9"]
[EventCountry "PHI"]
[SourceTitle "EXT 2014"]
[Source "ChessBase"]
[SourceDate "2013.11.20"]
[SourceVersion "1"]
[SourceVersionDate "2013.11.20"]
[SourceQuality "1"]
[WhiteTeam "Singapore"]
[BlackTeam "Wuxi"]
[WhiteTeamCountry "SIN"]
[BlackTeamCountry "CHN"]

1. e4 c5 2. Nf3 d6 3. d4 cxd4 4. Nxd4 Nf6 5. Nc3 a6 6. Bg5 e6 7. f4 h6 8. Bh4 Be7 9. Qf3 Qc7 10. 0-0-0 Nbd7 11. g4 g5 12. fxg5 Ne5 13. Qg3 Nfxg4 14. gxh6 Bxh4 15. Qxh4 Qe7 16. Qxe7+ Kxe7 17. Rd2 Rxh6 18. a4 Bd7 19. Re2 Rf6 20. h3 Nh6 21. Bg2 Rg6 22. h4 Rag8 23. Bh3 Rg1+ 24. Re1 Rxe1+ 25. Rxe1 Rg3 26. Rh1 Kf8 27. Nde2 Rf3 28. b3 Bc6 29. Kd2 Ng8 30. Nd4 Rf4 31. Rf1 Rxf1 32. Bxf1 Bd7 33. Bh3 Nf6 34. Ke3 Kg7 35. Nce2 Ng6 36. Nf3 Bc6 37. Ng3 a5 38. Bf1 Ng4+ 39. Kd2 N4e5 40. Nxe5 Nxe5 41. Ke3 Kh6 42. Kf4 Ng6+ 43. Kg4 d5 44. h5 Ne5+ 45. Kf4 Nd7 46. e5 Nc5 47. Be2 d4 48. Bf1 Bd5 49. Bh3 d3 50. c4 Bc6 51. Ke3 Nxb3 52. Kxd3 Nc5+ 53. Kd4 b6 54. Bg4 Nxa4 55. Ne4 Bxe4 56. Kxe4 Nc5+ 57. Kd4 a4 58. Kc3 a3 59. Be2 Kg5 60. Bf3 Kf5 61. h6 Kg6 62. Bh5+ Kxh6 63. Bxf7 Kg5 64. Bxe6 Nxe6 65. Kb3 Kf5 66. Kxa3 Kxe5 67. Kb4 Kd6 68. Kb5 Kc7 69. Ka4 Kc6 70. Kb4 Nd4 0-1

[Event "Asia Cities-ch 18th"]
[Site "Tagaytay City"]
[Date "2013.10.23"]
[Round "5.4"]
[White "Garcia, Jan Emmanuel"]
[Black "Ji, Dan"]
[Result "0-1"]
[WhiteElo "2396"]
[BlackElo "2374"]
[PlyCount "140"]
[EventDate "2013.10.20"]
[EventType "team-swiss"]
[EventRounds "9"]
[EventCountry "PHI"]
[SourceTitle "EXT 2014"]
[Source "ChessBase"]
[SourceDate "2013.11.20"]
[SourceVersion "1"]
[SourceVersionDate "2013.11.20"]
[SourceQuality "1"]
[WhiteTeam "Manila"]
[BlackTeam "Wuxi"]
[WhiteTeamCountry "PHI"]
[BlackTeamCountry "CHN"]

1. c4 e6 2. Nc3 d5 3. d4 Be7 4. Nf3 Nf6 5. Bf4 0-0 6. e3 c5 7. dxc5 Bxc5 8. a3 Nc6 9. Qc2 Qa5 10. 0-0-0 Be7 11. h4 Rd8 12. Nd2 e5 13. Nb3 Qc7 14. Bg5 dxc4 15. Bxc4 Be6 16. Bxe6 fxe6 17. Kb1 Rxd1+ 18. Rxd1 Rd8 19. Rc1 Rc8 20. Qe2 Qd7 21. Bxf6 gxf6 22. Qg4+ Kf7 23. Qh5+ Kg8 24. Qg4+ Kf7 25. Rd1 Qc7 26. Qh5+ Kg8 27. Qg4+ Kf7 28. Nb5 Qb6 29. Qc4 Rd8 30. Rxd8 Nxd8 31. Nc3 Qc6 32. Qd3 f5 33. e4 Qb6 34. Qc2 f4 35. h5 Nc6 36. Ka2 Qa6 37. Qe2 Nb4+ 38. Kb1 Qxe2 39. Nxe2 Nd3 40. g3 Nxf2 41. Nd2 Bc5 42. Nf3 Kf6 43. gxf4 exf4 44. Nxf4 Nxe4 45. Kc2 Bd6 46. Nh3 h6 47. Kd3 Ng3 48. Nf2 Nxh5 49. Nd4 Nf4+ 50. Ke3 Nd5+ 51. Kf3 Ke7 52. Nd3 a6 53. Kg4 Nf6+ 54. Kf3 e5 55. Nf5+ Ke6 56. Ng3 Kd5 57. Nf2 Bc5 58. Nfe4 Nxe4 59. Nxe4 Be7 60. Ng3 Bg5 61. b3 Kd4 62. Nf5+ Kd3 63. Nd6 Be7 64. Nc4 e4+ 65. Kf4 Bg5+ 66. Kg3 e3 67. Ne5+ Kd2 68. Nc4+ Kc3 69. Kf3 b5 70. Na5 Kd2 0-1

[Event "CHN-chT"]
[Site "China"]
[Date "2013.10.13"]
[Round "14.3"]
[White "Ji, Dan"]
[Black "Lu, Shanglei"]
[Result "0-1"]
[WhiteElo "2374"]
[BlackElo "2562"]
[PlyCount "78"]
[EventDate "2013.04.30"]
[EventType "team-tourn"]
[EventRounds "22"]
[EventCountry "CHN"]
[SourceTitle "EXT 2014"]
[Source "ChessBase"]
[SourceDate "2013.11.20"]
[SourceVersion "1"]
[SourceVersionDate "2013.11.20"]
[SourceQuality "1"]
[WhiteTeam "Qinhuangdao"]
[BlackTeam "Zhejiang"]
[WhiteTeamCountry "CHN"]
[BlackTeamCountry "CHN"]

1. e4 c5 2. Nf3 d6 3. d4 cxd4 4. Nxd4 Nf6 5. Nc3 g6 6. Be3 Bg7 7. Be2 Nc6 8. 0-0 0-0 9. Nb3 Be6 10. f4 Rc8 11. Kh1 a6 12. Bf3 Bc4 13. Re1 b5 14. Qd2 Nd7 15. a3 a5 16. Qf2 b4 17. axb4 Bxb3 18. cxb3 Nxb4 19. Red1 Bxc3 20. bxc3 Rxc3 21. Bd4 Rxb3 22. e5 dxe5 23. fxe5 e6 24. Be4 Qg5 25. Rxa5 Qg4 26. Qe1 Rc8 27. h3 Qf4 28. Bg1 Nc2 29. Bh2 Qxh2+ 30. Kxh2 Nxe1 31. Rxd7 Re3 32. Ra4 Re2 33. Kg1 Rc1 34. Kh2 h5 35. h4 Nxg2 36. Bf3 Rb2 37. Kg3 Rg1 38. Ra8+ Kg7 39. Kh2 Nxh4+ 0-1

[Event "Al Ain op 1st"]
[Site "Al Ain"]
[Date "2012.12.27"]
[Round "7"]
[White "Dimakiling, Oliver"]
[Black "Ji, Dan"]
[Result "1/2-1/2"]
[WhiteElo "2453"]
[BlackElo "2341"]
[PlyCount "94"]
[EventDate "2012.12.22"]
[EventType "swiss"]
[EventRounds "9"]
[EventCountry "UAE"]
[SourceTitle "CBM 152 Extra"]
[Source "ChessBase"]
[SourceDate "2013.02.25"]
[SourceVersion "1"]
[SourceVersionDate "2013.02.25"]
[SourceQuality "1"]

1. Nf3 d5 2. e3 Nf6 3. h3 c5 4. b3 Nc6 5. Bb2 Bf5 6. Bb5 e6 7. 0-0 Be7 8. Ne5 Qc7 9. f4 Bg6 10. Nc3 Bd6 11. Bxc6+ bxc6 12. Na4 0-0 13. d3 Nd7 14. Nxd7 Qxd7 15. Qe2 Rfe8 16. Rad1 f6 17. Qf2 Qe7 18. c4 Rac8 19. Ba3 f5 20. Rfe1 e5 21. Bb2 Qf7 22. fxe5 Bxe5 23. Nxc5 Bd6 24. Na4 f4 25. exf4 Qxf4 26. Qxf4 Bxf4 27. Bd4 Rxe1+ 28. Rxe1 Bxd3 29. cxd5 cxd5 30. Nc5 Bg6 31. Re6 Bg3 32. b4 Kf7 33. Ra6 Rc7 34. Bf2 Be5 35. Nb3 Bd3 36. Rxa7 Rxa7 37. Bxa7 Bc4 38. Kf2 Bc3 39. Bc5 d4 40. h4 h5 41. g3 g6 42. Kf3 d3 43. Ke3 d2 44. Nxd2 Bxd2+ 45. Kxd2 Bxa2 46. Ke3 Ke6 47. Kd4 Kd7 1/2-1/2

[Event "Al Ain op 1st"]
[Site "Al Ain"]
[Date "2012.12.27"]
[Round "6"]
[White "Labib, Ibrahim Hasan"]
[Black "Ji, Dan"]
[Result "0-1"]
[WhiteElo "2432"]
[BlackElo "2341"]
[PlyCount "110"]
[EventDate "2012.12.22"]
[EventType "swiss"]
[EventRounds "9"]
[EventCountry "UAE"]
[SourceTitle "CBM 152 Extra"]
[Source "ChessBase"]
[SourceDate "2013.02.25"]
[SourceVersion "1"]
[SourceVersionDate "2013.02.25"]
[SourceQuality "1"]

1. Nf3 d5 2. d4 Nf6 3. c4 e6 4. Bg5 Be7 5. Nc3 h6 6. Bxf6 Bxf6 7. Qb3 c6 8. e3 Nd7 9. 0-0-0 Qe7 10. Kb1 0-0 11. Qc2 dxc4 12. h4 g6 13. Bxc4 Bg7 14. Bb3 Rd8 15. e4 c5 16. e5 cxd4 17. Ne2 b6 18. Nexd4 Bb7 19. Qe2 Nc5 20. Bc2 Rd7 21. Rd2 Rad8 22. Rhd1 Bxf3 23. Nxf3 Rxd2 24. Rxd2 Qc7 25. Rxd8+ Qxd8 26. h5 g5 27. a3 Qb8 28. Nd4 Nd7 29. Nc6 Qc7 30. Qe4 Nc5 31. Qh7+ Kf8 32. Be4 Nd7 33. Bf3 Nxe5 34. Qe4 Nxf3 35. Qxf3 Kg8 36. b4 Qd7 37. Kc2 b5 38. Na5 Qd4 39. Nb7 Qb2+ 40. Kd1 Bc3 41. Qd3 Qxa3 42. Qxb5 Qb2 43. Qe8+ Kg7 44. Qd7 Qxf2 45. Nd8 Qd4+ 46. Qxd4+ Bxd4 47. Ke2 Bb6 48. Nb7 f5 49. g4 fxg4 50. b5 Kf6 51. Nd6 g3 52. Ne4+ Kf5 53. Nxg3+ Kg4 54. Ne4 Kxh5 55. Kf3 Kg6 0-1

[Event "Golden Sands Europe op 1st"]
[Site "Golden Sands"]
[Date "2012.06.09"]
[Round "6"]
[White "Simonian, Hrair"]
[Black "Ji, Dan"]
[Result "1/2-1/2"]
[WhiteElo "2475"]
[BlackElo "2326"]
[PlyCount "119"]
[EventDate "2012.06.04"]
[EventType "swiss"]
[EventRounds "9"]
[EventCountry "BUL"]
[SourceTitle "CBM 148 Extra"]
[Source "ChessBase"]
[SourceDate "2012.06.22"]
[SourceVersion "1"]
[SourceVersionDate "2012.06.22"]
[SourceQuality "1"]

1. e4 c5 2. Nc3 Nc6 3. Bb5 Nd4 4. Bc4 e6 5. Nge2 Nf6 6. 0-0 a6 7. a4 d5 8. exd5 exd5 9. Ba2 Bd6 10. d3 0-0 11. Nxd4 cxd4 12. Ne2 Bg4 13. h3 Bh5 14. Qd2 Qe7 15. Ng3 Bg6 16. Qg5 Qc7 17. Bb3 Rae8 18. Bd2 Re6 19. Rae1 Rfe8 20. Qh4 Rxe1 21. Rxe1 Rxe1+ 22. Bxe1 Bxd3 23. cxd3 Qc1 24. Qxd4 Qxe1+ 25. Nf1 Qb4 26. Qxb4 Bxb4 27. Ne3 Bc5 28. Nxd5 Nxd5 29. Bxd5 b6 30. g3 Kf8 31. Kg2 Ke7 32. f4 a5 33. Kf3 Bd4 34. b3 f6 35. Ke4 Bf2 36. g4 h6 37. Bg8 Kd6 38. Kf5 Ke7 39. Ke4 Kd6 40. d4 Bg1 41. d5 Bc5 42. Kf5 Ke7 43. Kg6 Kf8 44. Be6 Bd6 45. Kf5 Ke7 46. h4 Bc7 47. Bc8 Bd6 48. Kg6 Kf8 49. f5 Bg3 50. g5 Bxh4 51. gxh6 gxh6 52. d6 Bg5 53. Ba6 Ke8 54. Bb5+ Kd8 55. Bc6 Bh4 56. Kxh6 Bg3 57. Kg7 Be5 58. Kf7 Bd4 59. Ke6 Be5 60. Bb5 1/2-1/2

[Event "Golden Sands Europe op 1st"]
[Site "Golden Sands"]
[Date "2012.06.05"]
[Round "2"]
[White "Xiu, Deshun"]
[Black "Ji, Dan"]
[Result "1-0"]
[WhiteElo "2494"]
[BlackElo "2326"]
[PlyCount "53"]
[EventDate "2012.06.04"]
[EventType "swiss"]
[EventRounds "9"]
[EventCountry "BUL"]
[SourceTitle "CBM 148 Extra"]
[Source "ChessBase"]
[SourceDate "2012.06.22"]
[SourceVersion "1"]
[SourceVersionDate "2012.06.22"]
[SourceQuality "1"]

1. d4 d5 2. c4 e6 3. Nc3 Be7 4. Nf3 Nf6 5. Bf4 0-0 6. e3 Nbd7 7. Be2 c5 8. cxd5 Nxd5 9. Nxd5 exd5 10. 0-0 Qb6 11. Qc2 cxd4 12. Nxd4 Nc5 13. Be5 Re8 14. Nb5 Rf8 15. Bd4 Bd7 16. a4 Qc6 17. Rfc1 Rfc8 18. Qd1 Qg6 19. Be5 Qf5 20. Bg3 Ne4 21. Rxc8+ Bxc8 22. Bd3 Qd7 23. Nc7 Rb8 24. Bf4 Nc5 25. Bb5 Qg4 26. Nxd5 Ra8 27. Nxe7+ 1-0

[Event "Albena Masters op"]
[Site "Albena"]
[Date "2012.05.29"]
[Round "4"]
[White "Ji, Dan"]
[Black "Grigoryan, Karen H"]
[Result "0-1"]
[WhiteElo "2326"]
[BlackElo "2517"]
[PlyCount "62"]
[EventDate "2012.05.26"]
[EventType "swiss"]
[EventRounds "9"]
[EventCountry "BUL"]
[SourceTitle "CBM 148 Extra"]
[Source "ChessBase"]
[SourceDate "2012.06.22"]
[SourceVersion "1"]
[SourceVersionDate "2012.06.22"]
[SourceQuality "1"]

1. e4 c5 2. Nf3 Nc6 3. d4 cxd4 4. Nxd4 e6 5. Nb5 d6 6. c4 Nf6 7. N1c3 a6 8. Na3 Be7 9. Be2 b6 10. Be3 0-0 11. 0-0 Bd7 12. Qb3 Rb8 13. Rac1 Qc8 14. Rfd1 Rb7 15. f4 Qb8 16. Bf3 Bd8 17. Nc2 Be8 18. a4 Bc7 19. Qa2 Ra7 20. b4 Ne7 21. a5 bxa5 22. Rb1 Rb7 23. b5 axb5 24. cxb5 Bxb5 25. Nxb5 Rxb5 26. Na3 Rb4 27. Bd2 Qa7+ 28. Kh1 Ra4 29. Nb5 Rxa2 30. Nxa7 d5 31. Rb7 dxe4 0-1

[Event "Albena Masters op"]
[Site "Albena"]
[Date "2012.05.26"]
[Round "1"]
[White "Mitev, Miroslav"]
[Black "Ji, Dan"]
[Result "0-1"]
[WhiteElo "1833"]
[BlackElo "2326"]
[PlyCount "44"]
[EventDate "2012.05.26"]
[EventType "swiss"]
[EventRounds "9"]
[EventCountry "BUL"]
[SourceTitle "CBM 148 Extra"]
[Source "ChessBase"]
[SourceDate "2012.06.22"]
[SourceVersion "1"]
[SourceVersionDate "2012.06.22"]
[SourceQuality "1"]

1. d4 d5 2. c4 e6 3. g3 Nf6 4. Bg2 Be7 5. Nf3 0-0 6. 0-0 dxc4 7. a4 Bd7 8. Ne5 Bc6 9. Bxc6 Nxc6 10. Nxc6 bxc6 11. Be3 Nd5 12. Qc2 Rb8 13. Nd2 c5 14. Nxc4 Nxe3 15. fxe3 cxd4 16. Ne5 Bg5 17. e4 d3 18. Qxd3 Rxb2 19. Nd7 Rd2 20. Nxf8 Rxd3 21. Nxe6 fxe6 22. exd3 Qxd3 0-1

[Event "CHN-chT 6th"]
[Site "China"]
[Date "2010.10.14"]
[Round "14"]
[White "Yu, Ruiyuan"]
[Black "Ji, Dan"]
[Result "1/2-1/2"]
[WhiteElo "2309"]
[BlackElo "2379"]
[PlyCount "76"]
[EventDate "2010.04.16"]
[EventType "team-tourn"]
[EventRounds "18"]
[EventCountry "CHN"]
[SourceTitle "EXT 2011"]
[Source "ChessBase"]
[SourceDate "2010.11.26"]
[SourceVersion "1"]
[SourceVersionDate "2010.11.26"]
[SourceQuality "1"]

1. e4 c5 2. Nf3 e6 3. d4 cxd4 4. Nxd4 Nf6 5. Nc3 d6 6. Be2 a6 7. 0-0 Qc7 8. f4 Nc6 9. Be3 Be7 10. a4 0-0 11. Kh1 Bd7 12. Nb3 Na5 13. e5 Ne8 14. Nxa5 Qxa5 15. Bf3 Bc6 16. Bxc6 bxc6 17. Qf3 dxe5 18. Qxc6 Rb8 19. fxe5 Rxb2 20. Nd1 Rb8 21. Bd4 Nc7 22. Ne3 Nd5 23. Nxd5 Qxd5 24. Qxd5 exd5 25. Rfb1 Rfc8 26. c3 Kf8 27. Kg1 Bd8 28. Kf2 Ke7 29. Ke3 Ke6 30. Kd3 Ba5 31. h3 h5 32. g4 hxg4 33. hxg4 Rh8 34. Rxb8 Rxb8 35. Rh1 Bc7 36. Rh7 Rg8 37. Rh5 Rb8 38. Rh7 Rg8 1/2-1/2

[Event "CHN-chT 6th"]
[Site "China"]
[Date "2010.06.09"]
[Round "6"]
[White "Yu, Yangyi"]
[Black "Ji, Dan"]
[Result "1-0"]
[WhiteElo "2574"]
[BlackElo "2379"]
[PlyCount "57"]
[EventDate "2010.04.16"]
[EventType "team-tourn"]
[EventRounds "18"]
[EventCountry "CHN"]
[SourceTitle "CBM 136 Extra"]
[Source "ChessBase"]
[SourceDate "2010.07.02"]
[SourceVersion "2"]
[SourceVersionDate "2010.07.15"]
[SourceQuality "1"]

1. e4 c5 2. Nf3 d6 3. d4 cxd4 4. Nxd4 Nf6 5. Nc3 a6 6. Be3 e5 7. Nf3 Be6 8. Ng5 Qc7 9. Nxe6 fxe6 10. g3 Nc6 11. Bh3 Nd8 12. Qd3 Be7 13. 0-0-0 0-0 14. f4 b5 15. Rhf1 exf4 16. gxf4 Rc8 17. Kb1 Kh8 18. Ne2 d5 19. e5 Nd7 20. Nd4 Nc5 21. Qd2 g6 22. Bg4 Qd7 23. Qg2 Qe8 24. h4 Qf7 25. h5 gxh5 26. Bh3 Nc6 27. f5 Nxd4 28. Bxd4 Ne4 29. f6 1-0

[Event "CHN-ch"]
[Site "Xinghua"]
[Date "2010.06.01"]
[Round "8"]
[White "Li, Chao B"]
[Black "Ji, Dan"]
[Result "1-0"]
[WhiteElo "2619"]
[BlackElo "2379"]
[PlyCount "65"]
[EventDate "2010.05.24"]
[EventType "tourn"]
[EventRounds "11"]
[EventCountry "CHN"]
[EventCategory "13"]
[SourceTitle "CBM 137"]
[Source "ChessBase"]
[SourceDate "2010.07.15"]
[SourceVersion "1"]
[SourceVersionDate "2010.07.15"]
[SourceQuality "1"]

1. e4 c5 2. Nf3 d6 3. d4 cxd4 4. Nxd4 Nf6 5. Nc3 a6 6. Bg5 e6 7. f4 h6 8. Bh4 Be7 9. Qf3 Qc7 10. 0-0-0 Nbd7 11. Be2 g5 12. fxg5 Ne5 13. Qe3 Nh7 14. Nf3 hxg5 15. Bg3 Bd7 16. Nxe5 dxe5 17. Rhf1 Nf8 18. Qf2 f6 19. h4 g4 20. Bxg4 0-0-0 21. Rd3 Rg8 22. Bh3 Kb8 23. Rfd1 Bc8 24. Rxd8 Bxd8 25. Bh2 Be7 26. Bg1 Qc6 27. Qa7+ Kc7 28. Rd3 Nd7 29. Nd5+ exd5 30. Rc3 d4 31. Bxd4 exd4 32. Rxc6+ Kxc6 33. Qxd4 1-0

[Event "CHN-ch"]
[Site "Xinghua"]
[Date "2010.05.29"]
[Round "6"]
[White "Ni, Hua"]
[Black "Ji, Dan"]
[Result "1-0"]
[WhiteElo "2667"]
[BlackElo "2379"]
[PlyCount "53"]
[EventDate "2010.05.24"]
[EventType "tourn"]
[EventRounds "11"]
[EventCountry "CHN"]
[EventCategory "13"]
[SourceTitle "CBM 137"]
[Source "ChessBase"]
[SourceDate "2010.07.15"]
[SourceVersion "1"]
[SourceVersionDate "2010.07.15"]
[SourceQuality "1"]

1. e4 c5 2. Nf3 d6 3. Bb5+ Bd7 4. Bxd7+ Qxd7 5. c4 Nc6 6. Nc3 Ne5 7. d4 Nxf3+ 8. gxf3 Nf6 9. dxc5 dxc5 10. Bf4 Nh5 11. Be3 e6 12. Qb3 Be7 13. Rd1 Qc6 14. Qb5 Rc8 15. Ke2 a6 16. Qxc6+ Rxc6 17. Rd3 Bd6 18. Rhd1 Bc7 19. f4 0-0 20. Kf3 g6 21. Rd7 Rb8 22. Nd5 exd5 23. cxd5 Rf6 24. Rxc7 Nxf4 25. e5 Rf5 26. Ke4 Nh3 27. d6 1-0

[Event "CHN-ch"]
[Site "Xinghua Jiangsu"]
[Date "2009.05.27"]
[Round "2"]
[White "Ji, Dan"]
[Black "Ding, Liren"]
[Result "1/2-1/2"]
[WhiteElo "2342"]
[BlackElo "2458"]
[PlyCount "60"]
[EventDate "2009.05.26"]
[EventType "tourn"]
[EventRounds "11"]
[EventCountry "CHN"]
[EventCategory "14"]
[SourceTitle "CBM 131"]
[Source "ChessBase"]
[SourceDate "2009.07.15"]
[SourceVersion "1"]
[SourceVersionDate "2009.07.15"]
[SourceQuality "1"]

1. e4 e6 2. d4 d5 3. exd5 exd5 4. Nf3 Bg4 5. h3 Bh5 6. Qe2+ Qe7 7. Be3 Nc6 8. Nc3 0-0-0 9. 0-0-0 f6 10. g4 Bf7 11. Bg2 Qd7 12. Nd2 Bb4 13. Nb3 Bxc3 14. bxc3 Qd6 15. Qd2 Na5 16. Nxa5 Qa3+ 17. Kb1 Qxa5 18. Ka1 Ne7 19. Rb1 Rd6 20. c4 Qxd2 21. Bxd2 b6 22. Rhe1 Nc6 23. Bf4 Nxd4 24. Bxd6 Nxc2+ 25. Kb2 Nxe1 26. Rxe1 cxd6 27. Re7 Bg6 28. Rxa7 Re8 29. Ra8+ Kc7 30. Rxe8 Bxe8 1/2-1/2

[Event "CHN-chT 4th"]
[Site "China"]
[Date "2008.12.08"]
[Round "16"]
[White "Ji, Dan"]
[Black "Lin, Chen"]
[Result "1/2-1/2"]
[WhiteElo "2286"]
[BlackElo "2441"]
[PlyCount "49"]
[EventDate "2008.12.??"]
[EventType "team-tourn"]
[EventRounds "18"]
[EventCountry "CHN"]
[SourceTitle "EXT 2017"]
[Source "ChessBase"]
[SourceDate "2016.10.25"]
[SourceVersion "1"]
[SourceVersionDate "2016.10.25"]
[SourceQuality "1"]

1. e4 c5 2. Nf3 e6 3. d4 cxd4 4. Nxd4 a6 5. Bd3 Nc6 6. Nxc6 dxc6 7. Bf4 Ne7 8. Nd2 Ng6 9. Bg3 e5 10. Qe2 Be6 11. Bc4 Qf6 12. Bxe6 Qxe6 13. Qc4 Qxc4 14. Nxc4 0-0-0 15. f3 f6 16. Bf2 b5 17. Nd2 Nf4 18. g3 Bb4 19. Rd1 Ne6 20. Ke2 Bxd2 21. Rxd2 Rxd2+ 22. Kxd2 Rd8+ 23. Ke2 Nd4+ 24. Bxd4 Rxd4 25. Rd1 1/2-1/2